000 00540nam a22001697a 4500
999 _c8976
_d8976
008 210309b ||||| |||| 00| 0 eng d
040 _aBMS College of Architecture
100 _akumar, Anand Aditi
245 _aSpark development center for the differently-abled
300 _a97p.
500 _a1BM09AT002
502 _8B.Arch
_NBMS College of Architecture, Visvesvaraya Technological University (VTU)
_aProject report
_d2013
650 _aNA
700 _aAjaichandran C K
_eGuide
700 _aBhagyalaxmi M
_eGuide
942 _2ddc
_cTHE